000 00600nam a22002177a 4500
005 20170124110211.0
010 _aA-414522
020 _c30.00
035 _aA-414522
037 _bCen Lib/Ret
040 _aDPL
_bEN
082 _a364
_bPON
100 _aPonnaian, M
_915521
245 _aCriminology /
_cby M. Ponnaian
260 _aDelhi
_bNeelam Publishing House
_c1987
270 _a3558, Street Thane Singh, Sitaram Bazar
_bDelhi
_e110006
300 _aiv,191p.
_c21cm(Hb)
650 _aPunishment
_938172
650 _aCriminology
_938173
942 _2ddc
_cEN
_h364
_mPON
999 _c133522
_d133522